000 00472nam a22001697a 4500
003 URS
005 20220114171559.0
008 170324b xxu||||| |||| 00| 0 eng d
020 _a9710800264
050 _a56.2
_bG7G74
100 _aLeslie, Louis A.
_4author
245 _aGregg shorthand for colleges:
_btranscription
_cLouis A. Leslie ...[et.al.]
260 _aNew York:
_bMcGraw-Hill,
_c1982
300 _a447 pages;
_c24 cm.
490 _aseries 90
942 _cFR
_2lcc
999 _c14202
_d14202